Hungary National Football Team - Statistics

General Stats
  • This quiz has been taken 88 times
  • The average score is 6 of 19
Answer Stats
Goals Caps Player % Correct
84 85 Ferenc Puskás
100%
26 86 Ádám Szalai
58%
75 68 Sándor Kocsis
53%
0 108 Gábor Király
46%
21 109 Balázs Dzsudzsák
43%
39 69 Nándor Hidegkuti
41%
2 88 Ádám Nagy
39%
31 75 Flórián Albert
39%
26 97 Zoltán Gera
38%
11 101 József Bozsik
29%
0 86 Gyula Grosics
25%
6 95 Roland Juhász
16%
32 70 Tibor Nyilasi
14%
36 76 Ferenc Bene
12%
42 62 György Sárosi
12%
32 39 Gyula Zsengellér
11%
58 68 Imre Schlosser
9%
51 72 Lajos Tichy
8%
24 92 László Fazekas
8%
No matching quizzes found
Score Distribution
Percent of People with Each Score
Percentile by Number Answered
Your Score History
You have not taken this quiz